000 00733nam a2200289Ia 4500
005 20260324120249.0
008 008 260324s9999 xx 000 0 eng d
020 _a9781315752198
037 _aEBOOK
040 _aCRL
040 _beng
040 _cCRL
041 _2eng
041 _aeng
084 _qCRL
100 _aPasquale Tridico; Sebastiano Fadda
_91157872
245 4 _aThe Economic Crisis in Social and Institutional Context
245 0 _bTheories, Policies and Exit Strategies
260 _bTaylor and Francis
260 _c2015
365 _a
365 _b150
856 _uhttp://www.taylorfrancis.com/books/9781315752198
942 _cEBOOK
999 _c1749319
_d1749319